Statistics for Nordic Countries!

Click here to take the quiz!

General Stats

  • This quiz has been taken 61 times
    (35 since last reset)
  • The average score is 14 of 16

Answer Stats

Answer% Correct
Norway
97%
Norway
94%
Denmark
91%
Finland
91%
Finland
91%
Iceland
91%
Norway
91%
Norway
91%
Sweden
91%
Sweden
91%
Denmark
88%
Denmark
88%
Iceland
88%
Iceland
88%
Iceland
88%
Iceland
88%

Score Distribution

Percentile by Number Answered

Percent of People with Each Score

Your Score History

You have not taken this quiz since the last reset